000 00718nmc a2200277 a 4500
003 AR-BaBNM
005 20251128211501.0
008 284020s2002 ||||||||||||||000 | spa||
020 _a960-8136-95-4
040 _cAR-BaBNM
100 1 _aAndersen, Hans Christian
_d1805-1875
245 1 0 _aThe emperor's new clothes
250 _a1st ed.
260 _aOxford
_bNew Editions
_c2002
300 0 _a32 p.
_bil., gráfs.
490 0 _aTheatrical reader
650 4 _aCUENTOS
650 4 _aENSENANZA DE IDIOMAS
650 4 _aINGLES
650 4 _aLIBROS DE TEXTO
653 0 _aEDUCACION PRIMARIA
700 1 _aAllan, David
_eadaptador
700 1 _aClark, Tessa
_eadaptador
942 _cBK
998 _craquel
999 _c19844
_d19844